000 00304nam a22000977a 4500
008 150617b xxu||||| |||| 00| 0 eng d
010 _8HCCRSF:003
245 _aHIGH COURT CRIMINAL SESSION NO.693 OF 1969 Uganda Vs Kasimu Etyang
260 _aHigh Court Kampala
500 _5BEFORE: Hon. Mr. Ag. Justice Wambuzi
999 _c6329
_d6329